000 00990nam a2200277Ia 4500
001 Para_10241
003 CHAP
008 220125sOctu xx 000 0 und d
010 _a208927
040 _cCHAP
090 _aPA CD - TESIS 286
100 _aRomero Ruiz, Rebeca Yesenia
_9126602
245 _aBusqueda de resistencia de Avena fatua L. a herbicidas inhibidores de las enzimas accasa y als /
_c Rebeca Yesenia Romero Ruiz. Director Andrés Bolaños Espinoza
260 _aChapingo, Méx. :
_b el autor
300 _a1 CDS ROM (41 p.)
502 _aTesis (Ing. Agr. Esp. en Parasitología Agrícola). UACh. Departamento Parasitología Agrícola
700 _aBolaños Espinoza, Andrés. Director
_9175127
710 _aUACh. Departamento Parasitología Agrícola
_9164025
901 _aPA CD - TESIS 286
902 _aM
905 _a513220Octubre, 2013 anm 8100000000 06
910 _aOctu
942 _cPARA
942 _cPARA
_d2
999 _c208927
_d208927